000 00842nmm a2200265 a 4500
001 ocm000964895
003 TR-IsHL
005 20201028150628.0
008 150110s2012 tu tur
007 cr cn
020 _a9786055315412
035 _a964895
_b(N$T)
050 0 4 _aPL248.S27
_bA86 2012
090 0 4 _aPL248.S27
_bA86 2012
100 1 _aSarıibrahimoğlu, İbrahim
245 1 0 _aAtmaca
_h[electronic resource] /
_cİbrahim Sarıibrahimoğlu
260 _aİstanbul :
_bEvrensel Basım Yayın,
_c2012
300 _a225 p.
650 4 _aDil ve Edebiyat
650 4 _aLanguage and Literature
650 0 _aTürk romanı
650 0 _aTurkish fiction
650 7 _aLITERARY COLLECTIONS / Middle Eastern
_2bisacsh
856 4 0 _uhttp://search.ebscohost.com/login.aspx?direct=true&scope=site&db=e011xww&AN=964895
999 _c10576
_d10576